Jana Bibi's Excellent Fortunes (Record no. 206528)

MARC details
000 -LEADER
fixed length control field 00569nam a22001937a 4500
005 - DATE AND TIME OF LATEST TRANSACTION
control field 20241021152413.0
010 ## - LCCN (DPL NO)
LC control number ENG-142210
020 ## - INTERNATIONAL STANDARD BOOK NUMBER
Terms of availability 299.00
International Standard Book Number 9788184001280
035 ## - SYSTEM CONTROL NUMBER
System control number EN-125742
037 ## - SOURCE OF ACQUISITION
Source of stock number/acquisition DBAD/PUB
082 ## - DEWEY DECIMAL CLASSIFICATION NUMBER
Classification number N
100 ## - MAIN ENTRY--PERSONAL NAME
Personal name Woodman, Besty
245 ## - TITLE STATEMENT
Title Jana Bibi's Excellent Fortunes
Statement of responsibility, etc Besty Woodman
250 ## - EDITION STATEMENT
Edition statement 1
260 ## - PUBLICATION, DISTRIBUTION, ETC. (IMPRINT)
Place of publication, distribution, etc Uttar Pradesh
Name of publisher, distributor, etc Random House Publishers India Private Limited
Date of publication, distribution, etc 2012
270 ## - ADDRESS
City Noida
Address Windsor IT Park,7th Floor, Tower-B,A-1 Sector-125
Postal code 201301
300 ## - PHYSICAL DESCRIPTION
Extent 300p.
Dimensions 20cm(pb)
942 ## - ADDED ENTRY ELEMENTS (KOHA)
Source of classification or shelving scheme Dewey Decimal Classification
Item type English Books
Classification part N
Call number suffix WOO
Holdings
Withdrawn status Lost status Not for loan Collection code Home library Current library Date acquired Source of acquisition Cost, normal purchase price Full call number Barcode Copy number Cost, replacement price Koha item type
      Fiction Bawana Bawana 21/10/2024 DBAD 299.00 N WOO EN-125742 1 299.00 English Books

© Delhi Public Library
Hit Counter
free hit counter